[Event "Rheinland Pfalz op Seniors 14th"]
[Site "Neustadt an der Weinstrasse"]
[Date "2016.07.19"]
[Round "4"]
[White "Recknagel, Utta"]
[Black "Welsch, Dieter"]
[Result "0-1"]
[WhiteElo "1616"]
[BlackElo "1818"]
[PlyCount "56"]
[EventDate "2016.07.16"]
[EventType "swiss"]
[EventRounds "9"]
[EventCountry "GER"]
[SourceTitle "EXT 2019"]
[Source "ChessBase"]
[SourceDate "2018.10.10"]
[SourceVersion "1"]
[SourceVersionDate "2018.10.10"]
[SourceQuality "1"]

1. e4 e5 2. Nf3 Nc6 3. Nc3 Bc5 4. d3 d6 5. h3 Nge7 6. Be2 0-0 7. 0-0 a6 8. g4 Ng6 9. Bg5 f6 10. Bh4 Nd4 11. Kh2 Nxf3+ 12. Bxf3 Nxh4 13. Nd5 Nxf3+ 14. Qxf3 c6 15. Ne3 d5 16. Nf5 Be6 17. Rae1 Qc7 18. Rg1 g6 19. Ng3 Rad8 20. Nh5 Qe7 21. Qg3 gxh5 22. gxh5+ Kh8 23. Rg2 Rg8 24. Qf3 Rxg2+ 25. Qxg2 Rf8 26. Qf3 f5 27. exf5 Rxf5 28. Qe2 Rxf2+ 0-1

[Event "Rheinland Pfalz op Seniors 14th"]
[Site "Neustadt an der Weinstrasse"]
[Date "2016.07.18"]
[Round "3"]
[White "Pueschel, Wilhelm"]
[Black "Recknagel, Utta"]
[Result "1/2-1/2"]
[WhiteElo "1559"]
[BlackElo "1616"]
[PlyCount "81"]
[EventDate "2016.07.16"]
[EventType "swiss"]
[EventRounds "9"]
[EventCountry "GER"]
[SourceTitle "EXT 2019"]
[Source "ChessBase"]
[SourceDate "2018.10.10"]
[SourceVersion "1"]
[SourceVersionDate "2018.10.10"]
[SourceQuality "1"]

1. e4 e5 2. Nf3 Nc6 3. Bb5 Nge7 4. 0-0 h6 5. c3 d6 6. d4 Bd7 7. Be3 d5 8. exd5 Nxd5 9. Re1 e4 10. Nfd2 Nf6 11. Nf1 Bd6 12. Nbd2 0-0 13. Ba4 Ng4 14. h3 Nf6 15. c4 b6 16. c5 bxc5 17. dxc5 Be5 18. Rb1 Qe7 19. Nc4 Rad8 20. Qc1 Nb4 21. Bxd7 Nd3 22. Qc2 Nxe1 23. Rxe1 Rxd7 24. Nxe5 Qxe5 25. Ng3 Rfd8 26. a3 g5 27. Nf1 Nd5 28. Bd2 f5 29. f3 e3 30. Nxe3 Nxe3 31. Qb3+ Qd5 32. Qxe3 f4 33. Qe2 Kf7 34. Bc3 Qxc5+ 35. Kh2 Qd5 36. Qc2 Qd3 37. Qb3+ Rd5 38. Qa4 a6 39. Qc6 Qf5 40. Qxc7+ R8d7 41. Qc8 1/2-1/2

[Event "Rheinland Pfalz op Seniors 13th"]
[Site "Neustadt an der Weinstrasse"]
[Date "2015.07.16"]
[Round "7"]
[White "Recknagel, Utta"]
[Black "Baier, Peter"]
[Result "0-1"]
[WhiteElo "1371"]
[BlackElo "1685"]
[PlyCount "102"]
[EventDate "2015.07.10"]
[EventType "swiss"]
[EventRounds "7"]
[EventCountry "GER"]
[SourceTitle "EXT 2019"]
[Source "ChessBase"]
[SourceDate "2018.10.10"]
[SourceVersion "1"]
[SourceVersionDate "2018.10.10"]
[SourceQuality "1"]

1. e4 c5 2. Bc4 e6 3. Nf3 Be7 4. 0-0 Nc6 5. c3 d6 6. d4 cxd4 7. cxd4 Nf6 8. e5 dxe5 9. Nxe5 Nxe5 10. dxe5 Nd7 11. f4 0-0 12. a3 a6 13. b4 Rb8 14. Bb2 b5 15. Bd3 Bb7 16. Bd4 Nb6 17. Kh1 Kh8 18. Bf2 Nd5 19. Be4 h6 20. Ra2 Nxf4 21. Qxd8 Bxd8 22. Bxb7 Rxb7 23. Bc5 Be7 24. Bxe7 Rxe7 25. Rxf4 Rc8 26. Raf2 Rec7 27. Rf1 g5 28. Rf6 Kg7 29. Kg1 Rd8 30. g4 Rd5 31. Re1 Rxe5 32. Rxe5 Kxf6 33. Rc5 Rd7 34. Nc3 Rd4 35. h3 Kg6 36. Kf2 Rd3 37. Rc6 Rxh3 38. Rxa6 Rxc3 39. Rb6 Rxa3 40. Rxb5 Rb3 41. Rb6 Kf6 42. b5 Ke5 43. Rb7 f6 44. Rb8 Kf4 45. Rh8 Rb2+ 46. Ke1 Rxb5 47. Rxh6 Ke5 48. Kd2 Rb4 49. Rh3 Rxg4 50. Re3+ Re4 51. Rxe4+ Kxe4 0-1

[Event "Rheinland Pfalz op Seniors 13th"]
[Site "Neustadt an der Weinstrasse"]
[Date "2015.07.13"]
[Round "4"]
[White "Jovi, Klaus"]
[Black "Recknagel, Utta"]
[Result "1-0"]
[WhiteElo "1720"]
[BlackElo "1371"]
[PlyCount "49"]
[EventDate "2015.07.10"]
[EventType "swiss"]
[EventRounds "7"]
[EventCountry "GER"]
[SourceTitle "EXT 2019"]
[Source "ChessBase"]
[SourceDate "2018.10.10"]
[SourceVersion "1"]
[SourceVersionDate "2018.10.10"]
[SourceQuality "1"]

1. e4 e5 2. Nf3 d6 3. d4 Be7 4. dxe5 dxe5 5. Qxd8+ Bxd8 6. Nxe5 Nf6 7. Bd3 0-0 8. 0-0 Nbd7 9. Nxd7 Bxd7 10. Nc3 c6 11. Be3 Bc7 12. h3 Nh5 13. Rad1 Rae8 14. Bc5 Re5 15. Bxf8 Kxf8 16. Ne2 Rg5 17. Kh1 c5 18. f4 Bxf4 19. Nxf4 Ng3+ 20. Kg1 Nxf1 21. Rxf1 b5 22. c4 b4 23. Kh2 h5 24. g3 Re5 25. Ng6+ 1-0